000 00788nam a2200229Ii 4500
003 JO-AjNU
008 230605s9999||||xx |||||||||||||| ||und||
017 _a1993/176
020 _a9981-817-01-5
040 _aJO-AjNU
_bara
_erda
_cJO-AjNU
041 _aara
050 1 4 _aHS125 .D312 1993
100 3 _aتأليف دارول، اركون ؛ ترجمة عبدالهادي عبدالرحمن,
_eauthor
_937688
245 0 0 _aتاريخ الجماعات السرية = A history of secret societies
250 _aط1
264 3 1 _aالرباط: تانيت للنشر، 1993
300 _a168ص
336 _atext
_btxt
_2rdacontent
337 _aunmediated
_bn
_2rdamedia
338 _avolume
_bnc
_2rdacarrier
650 4 _aالماسونية - الجمعيات السرية
_937689
999 _aA15770
_c19338
_d19338